000 01330pam a2200349 a 4500
005 20260322212003.0
008 data
010 _a 98025273
020 _a0062736345
020 _a9780062736345
040 _aDLC
_cDLC
_dDLC
043 _an------
050 0 0 _aHV2475
_b.S78 1998
082 0 0 _a419
_221
092 _a419 S78 1998
100 1 _aSternberg, Martin L. A.
245 1 0 _aAmerican Sign Language dictionary /
_cMartin L. A. Sternberg & Martin L. A. Sternberg.
250 _a3rd ed., rev. ed.
260 _aNew York :
_bHarperPerennial,
_cc1998.
300 _axvii, 772 p. :
_bill. ;
_c25 cm.
500 _a"More than 5,000 signs and 8,000 illustrations"--Cover.
500 _a"Abridged edition of American Sign Language".
650 0 _aAmerican Sign Language
_xDictionaries.
700 1 _aSternberg, Martin L. A.
_tAmerican Sign Language.
856 4 2 _3Publisher description
_uhttp://www.loc.gov/catdir/description/hc041/98025273.html
856 4 2 _3Contributor biographical information
_uhttp://www.loc.gov/catdir/enhancements/fy0912/98025273-b.html
906 _a7
_bcbc
_corignew
_d1
_eocip
_f19
_gy-gencatlg
991 _bc-GenColl
_hHV2475
_i.S78 1998
_tCopy 1
_wBOOKS
001 data
999 _c32
_d32